| 000 | 01152nam a22003137a 4500 | ||
|---|---|---|---|
| 003 | CHAP | ||
| 005 | 20220329135728.0 | ||
| 008 | 971013s1980 r 00010 d | ||
| 010 | _a41195 | ||
| 011 | _a42167 | ||
| 035 | _a46294 | ||
| 040 | _cCHAP | ||
| 082 |
_a366.003 _bE5 1980 |
||
| 245 | _aEncyclopedia of associations | ||
| 250 | _a15 ed. | ||
| 260 |
_aDetroit, Mich. : _bGale, _c1980 |
||
| 300 | _a3 v. | ||
| 500 | _aLa biblioteca tiene : v.1-2, 3 | ||
| 505 | _aContenido : v.1 National Organization of the U.S..--v.2 Geographic and executive index.--v.3 New Associations and projects | ||
| 590 |
_aBATCH-UPD _b10 _c20130110 _lUCH01 _h2319 |
||
| 590 |
_aCONVERSION _b10 _c20130109 _lUCH01 _h1323 |
||
| 650 | 1 | 4 |
_aSociedades _xDirectorios. _9108116 |
| 901 | _aBK | ||
| 942 | _cLIBRO | ||
| 949 |
_a366.003 E5 1980 _bBC _cC _d33724000121778 _eC _fv.1 _h53146 _i46294 _si _t2434.00 |
||
| 949 |
_a366.003 E5 1980 _bBC _cC _d33724000121786 _eC _fv.2 _h53147 _i46294 _si _t2832.00 |
||
| 949 |
_a366.003 E5 1980 _bBC _cC _d33724000488292 _eC _fv.3 c.2 _h73686 _i46294 _si _t2434.00 |
||
| 949 |
_a366.003 E5 1980 _bBC _cC _d33724000488300 _eC _fv.3 _h73685 _i46294 _si _t2434.00 |
||
| 999 |
_c41195 _d41195 |
||